Normal view
MARC view
Entry Topical Term
001 - CONTROL NUMBER
- control field: 673994
003 - CONTROL NUMBER IDENTIFIER
- control field: OSt
005 - DATE AND TIME OF LATEST TRANSACTION
- control field: 20221006160525.0
008 - FIXED-LENGTH DATA ELEMENTS
- fixed length control field: 221006|| aca||aabn | a|a d
040 ## - CATALOGING SOURCE
- Original cataloging agency: OSt
- Transcribing agency: OSt
150 ## - HEADING--TOPICAL TERM
- Topical term or geographic name entry element: Carriers in the Asian theater
670 ## - SOURCE DATA FOUND
- Source citation: Work cat.: (OSt)1113481: Kowner Damian 673993, Passing the baton world war II's Asian theater and the coming of age of the aircraft carrier, 2014
